000 00724nas a2200265 4500
001 BR9703456
003 BR-BrBNA
005 20231205100326.0
007 ta
008 230509b bl.|||p| |||| 00| 00por d
040 _aBR-BrBNA
_bpor
_cBiblioteca Nacional de Agricultura
041 _a(Pt)
072 _aP36
100 1 _aCastro, O.M. de
100 1 _aLombardi Neto, F.
245 1 _aManejo e conservacao do solo em citros
650 _aErosao
650 _aSolo
650 _aAdubacao Verde
650 _aCobertura Morta
650 _aFruta Citrica
773 0 _tLaranja (Brazil)
_xISSN 0102-1907
_g(1992), v. 13(1) p. 275-305
_wBR9703456
909 _a202311
_bLúcia
_c55
_dLúcia Elande
942 _2AGRIS
_n0
_cANA
999 _c155373
_d155373